MARC

LEADER 00000nam0a2200000 4500
001 179248
005 20231101223448.0
035 |a (RuTPU)RU\TPU\book\194312 
090 |a 179248 
100 |a 20100416d1984 k y0rusy50 ca 
101 0 |a rus 
102 |a RU 
105 |a ac z 001zb 
200 1 |a Эволюция идей Д. И. Менделеева в современной химии  |f Академия наук СССР (АН СССР), Секция химико-технологических и биологических наук ; под ред. Б. П. Никольского, Л. С. Лилича 
210 |a Ленинград  |c Наука  |d 1984 
215 |a 264 с.  |c ил.  |d 22,5 см. 
320 |a Библиогр. в конце гл. 
600 1 |a Менделеев  |g Дмитрий Иванович  |b Д. И.  |c учёный-энциклопедист, химик, педагог  |f 1834-1907  |c член-корреспондент Петербургской АН  |2 stltpush  |3 (RuTPU)RU\TPU\pers\1367 
606 1 |a Периодическая система элементов  |2 stltpush  |3 (RuTPU)RU\TPU\subj\72133  |9 85718 
610 1 |a химия 
610 1 |a развитие 
610 1 |a периодический закон Менделеева 
610 1 |a растворы 
675 |a 546-123-048.4  |v 3 
702 1 |a Никольский  |b Б. П.  |c российский физикохимик  |f 1900-1990  |g Борис Петрович  |2 stltpush  |3 (RuTPU)RU\TPU\pers\15107  |4 340  |9 5196 
702 1 |a Лилич  |b Л. С.  |4 340 
712 0 2 |a Академия наук СССР (АН СССР)  |b Секция химико-технологических и биологических наук  |2 stltpush  |3 (RuTPU)RU\TPU\col\722 
801 1 |a RU  |b 63413507  |c 20100416 
801 2 |a RU  |b 63413507  |c 20180111  |g RCR 
942 |c BK